书目信息 |
| 题名: |
多核电脑组装与维护一周通
|
|
| 作者: | 韩佶洋 编著 | |
| 分册: | ||
| 出版信息: | 北京 中国铁道出版社 2009.09 |
|
| 页数: | 370页 | |
| 开本: | 26cm | |
| 丛书名: | ||
| 单 册: | ||
| 中图分类: | TP30 | |
| 科图分类: | ||
| 主题词: | 电子计算机--组装--基本知识 , 电子计算机--维修--基本知识 | |
| 电子资源: | ||
| ISBN: | 978-7-113-10350-7 | |
| 000 | 01010nam0 2200241 450 | |
| 001 | 012010622834 | |
| 005 | 20101124101819.75 | |
| 009 | 012004389135 | |
| 010 | @a978-7-113-10350-7@dCNY49.00 (含光盘) | |
| 100 | @a20101129d2009 em y0chiy0110 ea | |
| 101 | 0 | @achi |
| 102 | @aCN@b110000 | |
| 105 | @aa z 000yy | |
| 200 | 1 | @a多核电脑组装与维护一周通@Aduo he dian nao zu zhuang yu wei hu yi zhou tong@f韩佶洋编著 |
| 210 | @a北京@c中国铁道出版社@d2009.09 | |
| 215 | @a370页@c图@d26cm@e光盘1片 | |
| 330 | @a本书首先讲解电脑各部件的主流产品、主要品牌、主流技术、性能特点、应用技巧、选购要点和经典故障案例等配件采购知识;然后从实用的角度出发,讲解组装维修实战技巧、BIOS设置、硬盘分区、多操作系统安装、系统设置和注册表等装机知识;最后结合作者多年的电脑维修经验,深入总结分析了各种软、硬件经常出现的故障及其维修方法。 | |
| 606 | 0 | @a电子计算机@x组装@x基本知识 |
| 606 | 0 | @a电子计算机@x维修@x基本知识 |
| 690 | @aTP30@v4 | |
| 701 | 0 | @a韩佶洋@Ahan ji yang@4编著 |
| 801 | 0 | @aCN@c20101129 |
| 905 | @dTP30@eH080 | |
| 多核电脑组装与维护一周通/韩佶洋编著.-北京:中国铁道出版社,2009.09 |
| 370页:图;26cm+光盘1片 |
| ISBN 978-7-113-10350-7:CNY49.00 (含光盘) |
| 本书首先讲解电脑各部件的主流产品、主要品牌、主流技术、性能特点、应用技巧、选购要点和经典故障案例等配件采购知识;然后从实用的角度出发,讲解组装维修实战技巧、BIOS设置、硬盘分区、多操作系统安装、系统设置和注册表等装机知识;最后结合作者多年的电脑维修经验,深入总结分析了各种软、硬件经常出现的故障及其维修方法。 |
| ● |
| 相关链接 |
|
|
|
正题名:多核电脑组装与维护一周通
索取号:TP30/H080
 
预约/预借
| 序号 | 登录号 | 条形码 | 馆藏地/架位号 | 状态 | 备注 |
| 1 | 1035215 | 210352152 | 自科库301/301自科库 45排3列1层/ [索取号:TP30/H080] | 在馆 | |
| 2 | 1035216 | 210352161 | 自科库301/301自科库 45排3列1层/ [索取号:TP30/H080] | 在馆 | |
| 3 | 1035217 | 210352170 | 自科二线504/504自科库 7排1列4层/ [索取号:TP30/H080] | 在馆 | |
| 4 | 1035218 | 210352189 | 自科二线504/504自科库 7排1列4层/ [索取号:TP30/H080] | 在馆 | |
| 5 | 1035219 | 210352198 | 自科二线404/404自科库 12排5列3层/ [索取号:TP30/H080] | 在馆 |